|
|
|
|
| LEADER |
00000nam a22000007i 4500 |
| 001 |
IT\ICCU\MIL\0773471 |
| 003 |
ItRI |
| 005 |
20260115232110.0 |
| 008 |
090811s2009 it |||||| ||||| |||||c |
| 015 |
|
|
|2 IT
|a 2009-6830
|
| 020 |
|
|
|a 9788854824652
|
| 040 |
|
|
|b ita
|c importazione bologna sebina
|
| 041 |
|
7 |
|a ita
|2 ISO-639-2
|
| 100 |
1 |
|
|a Di Lello, Francesca
|0 IT\ICCU\MILV\333217
|4 aut
|
| 245 |
1 |
0 |
|a Maschile e femminile nel cinema di Pedro Almodòvar :
|b una lettura psicoanalitica di Hable con ella /
|c Francesca Di Lello, Emilia Di Lello.
|
| 260 |
|
|
|a Roma :
|b Aracne,
|c 2009
|
| 300 |
|
|
|a 69 p. ;
|c 21 cm.
|
| 650 |
|
7 |
|a Hable con ella <film>
|2 nsbncf
|
| 700 |
1 |
|
|a Almodóvar, Pedro
|0 IT\ICCU\CFIV\096565
|
| 700 |
1 |
|
|a Di Lello, Emilia
|0 IT\ICCU\MILV\333218
|4 aut
|
| 790 |
1 |
|
|a Almodóvar Caballero, Pedro
|3 IT\ICCU\SBNV\072548
|z Almodóvar, Pedro
|
| 830 |
|
0 |
|a A10 ;
|v 468
|0 IT\ICCU\CFI\0611116
|
| 942 |
|
|
|2 ddc
|c BK
|n 0
|
| 952 |
|
|
|0 0
|1 0
|4 0
|6 DOC_791_430000000000000_DIL
|7 0
|9 20027
|a BO
|b BO
|d 2026-01-15
|i 13200
|l 0
|o DOC 791.430 DIL
|p BO13200
|r 2026-01-15 23:21:10
|w 2026-01-15
|x [Sebina 5] [1 v.]
|y BK
|z 1 v.
|
| 999 |
|
|
|c 17073
|d 17073
|